000 00562nam a2200205Ia 4500
005 20230310144955.0
008 131103s9999 xx 000 0 und d
040 _aLoreto College
041 _aEnglish
082 _a891.44
_b BAN
100 _aBanerjee, Brajendranath
245 _aHaraprasad Sastri
_cBrajendranath Banerjee
260 _aCalcutta
_bBangyo-Sahitya-Parisad
_c1957
300 _a[300p]
630 _aBiography
650 _aSastri, Haraprasad - Criticism and Interpretation
651 _aBengali Essays
850 _aLCLIB
942 _cBK
999 _c17182
_d67661